London Underground Lines - Statistics

General Stats
  • This quiz has been taken 155 times
  • The average score is 9 of 11
Answer Stats
Line % Correct
Central
89%
Jubilee
87%
Bakerloo
86%
Northern
86%
Victoria
85%
Circle
82%
District
81%
Piccadilly
80%
Metropolitan
79%
Hammersmith & City
53%
Waterloo & City
51%
No matching quizzes found
Score Distribution
Percent of People with Each Score
Percentile by Number Answered
Your Score History
You have not taken this quiz